Hauptstädte am nächsten an Nikosia - Eine Minute Sprint - Statistiken

Allgemein
  • Dieses Quiz wurde 107 mal gespielt
  • Das Durchschnittsergebnis liegt bei 11 aus 20
Antwortstatistiken
km Hauptstadt % Korrekt
530 Ankara
100%
914 Athen
94%
605 Kairo
84%
417 Jerusalem
78%
244 Beirut
72%
326 Damaskus
69%
1205 Sofia
63%
1366 Tirana
61%
1283 Skopje
56%
430 Amman
55%
1033 Bagdad
47%
1343 Priština
45%
1201 Bukarest
44%
1462 Podgorica
39%
1533 Belgrad
37%
1562 Baku
31%
1235 Tiflis
31%
1127 Jerewan
30%
1518 Kuwait-Stadt
15%
1370 Chișinău
13%
Keine übereinstimmenden Quizze gefunden
Verteilung der Resultate
Anzahl Personen mit jedem Resultat
Perzentil nach korrekt beantworteten Fragen
Ihre Resultats-Entwicklung
Sie haben dieses Quiz noch nicht gespielt